გადასახადები #16. 2018 (ბიბ.ჩანაწერი № 56264)
[ მარტივი ფორმატი ]
| 000 -LEADER | |
|---|---|
| fixed length control field | 00516nam a2200169Ia 4500 |
| 001 - CONTROL NUMBER | |
| control field | 23366 |
| 003 - CONTROL NUMBER IDENTIFIER | |
| control field | GE_BSU |
| 005 - DATE AND TIME OF LATEST TRANSACTION | |
| control field | 20190501161502.0 |
| 008 - FIXED-LENGTH DATA ELEMENTS--GENERAL INFORMATION | |
| fixed length control field | 181216s||||||||xx |||||||||||||| ||und|| |
| 040 ## - CATALOGING SOURCE | |
| Transcribing agency | GE_BSU |
| 245 ## - TITLE STATEMENT | |
| Title | გადასახადები #16. 2018 |
| Remainder of title | ელექტრონული ჟურნალი / |
| 300 ## - PHYSICAL DESCRIPTION | |
| Extent | cd |
| 653 ## - INDEX TERM--UNCONTROLLED | |
| Uncontrolled term | cd |
| 653 ## - INDEX TERM--UNCONTROLLED | |
| Uncontrolled term | გადასახადები #16. 2018 |
| 653 ## - INDEX TERM--UNCONTROLLED | |
| Uncontrolled term | ელექტრონული ჟურნალი |
| 942 ## - ADDED ENTRY ELEMENTS (KOHA) | |
| Koha item type | პერიოდიკა |
| Source of classification or shelving scheme | |
| Withdrawn status | Lost status | Source of classification or shelving scheme | Damaged status | Not for loan | Permanent Location | Current Location | Date acquired | Barcode | Date last seen | Price effective from | Koha item type |
|---|---|---|---|---|---|---|---|---|---|---|---|
| ბათუმის შოთა რუსთაველის სახელმწიფო უნივერსიტეტის მთავარი ბიბლიოთეკა | ბათუმის შოთა რუსთაველის სახელმწიფო უნივერსიტეტის მთავარი ბიბლიოთეკა | 2018-12-17 | P79657 | 2018-12-17 | 2018-12-17 | კომპიუტერის ფაილები |
